Hotel

Saved in:
Bibliographic Details
Main Author: Varga, Ivor-Jan (Author)
Other Authors: Palko, Milan (Thesis advisor)
Format: Manuscript Book
Language:Slovak
Published: 2025
Subjects:
Online Access:http://is.stuba.sk/zp/portal_zp.pl?podrobnosti=185445
CRZP
Tags: Add Tag
No Tags, Be the first to tag this record!

MARC

LEADER 00000ntm a22000003a 4500
001 stuzp104374
003 SK-STU
005 20250801123453.5
007 ta
008 150427s2015----xo-----f-mn---000-0-slo-d
040 |a STU  |b slo 
041 0 |a slo 
100 1 |a Varga, Ivor-Jan  |u 010180  |4 aut  |U SvF Stavebná fakulta  |T SvF Katedra konštrukcií pozemných stavieb  |X 93383  |U V180  |Y 18  |7 93383 
242 0 1 |a Hotel  |y eng 
245 1 0 |a Hotel 
260 |c 2025 
650 4 |a Hotel  |2 eng 
650 4 |a accomodation  |2 eng 
650 4 |a wellness  |2 eng 
650 4 |a restaurant  |2 eng 
650 4 |a ubytovanie  |2 slo 
650 4 |a reštaurácia  |2 slo 
650 4 |a wellness  |2 slo 
650 4 |a Hotel  |2 slo 
700 1 |a Palko, Milan  |u 010180  |k Z1  |4 ths  |U SvF Stavebná fakulta  |T SvF Katedra konštrukcií pozemných stavieb  |X 2552  |U V180  |Y 18  |7 A000002552 
856 4 |u http://is.stuba.sk/zp/portal_zp.pl?podrobnosti=185445 
856 4 |u https://opac.crzp.sk/?fn=detailBiblioForm&sid=809C367C54749DCAA140AFFF7E5A  |z CRZP